QUESTION BANK COMPUTER SCIENCE / (Record no. 586860)
[ view plain ]
| 000 -LEADER | |
|---|---|
| fixed length control field | 00352nam a22001457a 4500 |
| 027 ## - STANDARD TECHNICAL REPORT NUMBER | |
| Qualifying information | PB. |
| 040 ## - CATALOGING SOURCE | |
| Transcribing agency | FIZZA ISHAQ |
| 082 ## - DEWEY DECIMAL CLASSIFICATION NUMBER | |
| Classification number | 004 |
| Author Mark | NIT |
| 100 ## - MAIN ENTRY--PERSONAL NAME | |
| Personal name | RAMASWANY, NITIN. |
| 9 (RLIN) | 84927 |
| 245 ## - TITLE STATEMENT | |
| Title | QUESTION BANK COMPUTER SCIENCE / |
| Statement of responsibility, etc. | NITIN M. RAMASWANY. |
| 250 ## - EDITION STATEMENT | |
| Edition statement | 4TH ED. |
| 260 ## - PUBLICATION, DISTRIBUTION, ETC. | |
| Place of publication, distribution, etc. | DEHLI : |
| Name of publisher, distributor, etc. | SNDI |
| Date of publication, distribution, etc. | 2007. |
| 300 ## - PHYSICAL DESCRIPTION | |
| Extent | 527 EP. ; |
| 942 ## - ADDED ENTRY ELEMENTS (KOHA) | |
| Source of classification or shelving scheme | |
| Koha item type | Book |
| Withdrawn status | Lost status | Source of classification or shelving scheme | Damaged status | Not for loan | Permanent Location | Current Location | Date acquired | Total Checkouts | Full call number | Date last seen | Copy number | Price effective from | Koha item type |
|---|---|---|---|---|---|---|---|---|---|---|---|---|---|
| NUST Baluchistan Campus (NBC) | NUST Baluchistan Campus (NBC) | 11/23/2021 | 004 NIT | 11/23/2021 | Q-2073 | 11/23/2021 | Book |
